000 00283nam a22001337a 4500
008 170609b xxu||||| |||| 00| 0 eng d
020 _a9781930810358
041 _aeng
080 _a32
100 _a19
101 _aSHP
245 _aCURRENT ISSUES
_cGERAGHTY J
942 _2udc
_cBK
999 _c16711
_d16711